| 000 | 01413nam a2200433 i 4500 | ||
|---|---|---|---|
| 001 | 20730 | ||
| 003 | KOSZ 005 | ||
| 005 | 20220922125908.0 | ||
| 008 | 991116s1982 pl a |000 0 pol | ||
| 015 | _aPB 1982/5315 | ||
| 020 | _a8301002921 | ||
| 040 |
_aWA N _cWA N _dKOSZ 005/HR |
||
| 041 | 0 |
_apol _brus _beng |
|
| 046 | _k1982 | ||
| 080 | _a339.13 | ||
| 080 | _a338.22 | ||
| 080 | _a330.342.15 | ||
| 100 | 1 |
_aKramer, Teodor _d(1926-2014) _eAutor |
|
| 245 | 1 | 0 |
_aRynek w procesie zarządzania gospodarką / _cTeodor Kramer, Leszek Żabiński. |
| 250 | _a[Wyd. 2]. | ||
| 260 |
_aWarszawa : _bPaństwowe Wydawnictwo Naukowe, _c1982. |
||
| 300 |
_a258, [2] s. : _bil. tab. ; _c21 cm. |
||
| 336 |
_2rdacontent _aTekst _btxt |
||
| 337 |
_2rdamedia _aBez urządzenia pośredniczącego _bn |
||
| 338 |
_2rdacarrier _aWolumin _bnc |
||
| 380 | _aKsiążki | ||
| 388 | _a1901-2000 | ||
| 388 | _a1945-1989 | ||
| 504 | _aBibliogr. s. 251-254. | ||
| 546 | _aStreszcz. ros., wng. | ||
| 650 | 4 | _aGospodarka socjalistyczna | |
| 650 | 4 | _aPolityka gospodarcza | |
| 650 | 4 | _aRynek (ekonomia) | |
| 658 | _aGospodarka, ekonomia, finanse | ||
| 700 | 1 |
_aŻabiński, Leszek _eAutor |
|
| 710 | _aPaństwowe Wydawnictwo Naukowe | ||
| 856 |
_uhttp://koha.tu.koszalin.pl/cgi-bin/koha/opac-detail.pl?biblionumber=20730 _yKatalog online BPK |
||
| 942 |
_2UKD _cKS |
||
| 999 |
_c20730 _d20730 |
||